Obálka Náhled e-knihy:
PDF Epub
Pro půjčování e-knih musíte být přihlášeni.
Jak si půjčit online?

S láskou z Paříže /

Milostná romance zpod zasněžené Eiffelovky s vánoční atmosférou ve vzduchu.

Uloženo v:
Série:S láskou, část 2
Hlavní autor: Wake, Jules (Autor)
Další autoři: Krasula, Klára, 1983- (Autor)
Médium: E-kniha
Jazyk:Czech
Vydáno: Praha : Motto, 2022
Vydání:1. vydání
Témata:
Příbuzné jednotky:Z cyklu:: S láskou
Tagy:
Žádné tagy
LEADER 02512nam a2200493 i 4500
001 311679
003 CZ PrSKC
005 20260601215709.0
007 ta
008 221011s2022 xr g 000 f cze
015 |a cnb003458805 
020 |a 9788026723653  |q (brožováno) :  |c Kč 399,00 
035 |a (OCoLC)1350559490 
040 |a ABG001  |b cze  |e rda 
041 1 |a cze  |h eng 
072 7 |a 821.111-3  |x Anglická próza, anglicky psaná  |2 Konspekt 
080 |a 821.111-31  |2 MRF 
080 |a (0:82-312.5)  |2 MRF 
080 |a (0:82-31)-055.2  |2 MRF 
100 1 |a Wake, Jules  |7 xx0236526  |4 aut 
240 1 0 |a From Paris with love.  |l Česky 
245 1 0 |a S láskou z Paříže /  |c Jules Wake ; přeložila Klára Krasula 
250 |a 1. vydání 
264 1 |a Praha :  |b Motto,  |c 2022 
300 |a 357 stran ;  |c 20 cm 
336 |a text  |b txt  |2 rdacontent 
337 |a bez média  |b n  |2 rdamedia 
338 |a svazek  |b nc  |2 rdacarrier 
500 |a Přeloženo z angličtiny 
520 2 |a Milostná romance zpod zasněžené Eiffelovky s vánoční atmosférou ve vzduchu.  |b Siena se rozhodla opustit snoubence i život francouzské smetánky a hledá útočiště u sestry nedaleko Londýna. Ta však změní plány a Siena musí vzít zavděk spolubydlením s věčně nespokojeným Jasonem. Zpočátku se nemůžou vystát, ale když dostanou příležitost jeden druhého lépe poznat, začne to mezi nimi jiskřit stejně jako na svátečně vyzdobené Eiffelovce. Společná cesta do Paříže může splnit jejich nejtajnější přání. Vánoce se nezadržitelně blíží... Nakladatelská anotace. 
655 7 |a anglické romány  |7 fd131814  |2 czenas 
655 7 |a milostné romány  |7 fd132840  |2 czenas 
655 7 |a romány pro ženy  |7 fd187897  |2 czenas 
655 9 |a English fiction  |2 eczenas 
655 9 |a love novels  |2 eczenas 
655 9 |a women's novels  |2 eczenas 
700 1 |a Krasula, Klára,  |d 1983-  |7 jo20211114952  |4 trl 
787 0 8 |i Z cyklu:  |t S láskou  |g 2 
900 |a ABA001  |b 20 
928 9 |a Albatros Media - Motto 
044 |a xr 
910 |a RBIT002 
998 |d 360852  |a https://core.palmknihy.cz/api/books/360852/cover?si6b6p  |b https://core.palmknihy.cz/api/books/360852/cover/400?si6b6p  |c https://core.palmknihy.cz/api/books/360852/cover/50?si6b6p  |e 2030-04-11  |g 360  |i 9788026723653  |j https://core.palmknihy.cz/api/books/360852/preview.epub  |k https://core.palmknihy.cz/api/books/360852/preview.pdf  |l   |q 49  |r 1  |s https://www.palmknihy.cz/kniha/360852  |t ebook  |y 2022  |z 0  |v S láskou  |w 2 
999 |d 311677